000 00535 a2200193 4500
001 62131
005 20260407155915.0
008 260407a1969 arg spa d
003 AR-UNSa-BCEJYS
040 _aAR-UNSa-BCEJYS
_bspa
_cAR-UNSa-BCEJYS
080 _a349.2
_xDerecho del Trabajo
245 1 0 _aDerecho del trabajo y de la seguridad social
264 1 _aBuenos Aires :
_bLa Ley
_c1969
300 _a656 p.
_c24 cm.
041 _aspa
942 _cBK
590 _aniveau_biblio:m niveau_hierar:0
100 1 _aNĂ¡poli, Rodolfo A.
999 _c7574
_d7574